Transformer Generator of Powerful Current Pulses; Journal of Applied Mechanics and Technical Physics; Vol. 61, iss. 2

Xehetasun bibliografikoak
Parent link:Journal of Applied Mechanics and Technical Physics
Vol. 61, iss. 2.— 2020.— [P. 300-306]
Erakunde egilea: Национальный исследовательский Томский политехнический университет Инженерная школа энергетики Отделение электроэнергетики и электротехники
Beste egile batzuk: Nosov G. V. Gennady Vasilievich, Pustynnikov S. V. Sergey Vladimirovich, Kuleshova E. O. Elena Olegovna, Nosova M. G. Mariya Gennadjevna
Gaia:Title screen
A generator design with a pulse energy of more than 1 MJ connected to an external constant voltage source with limited current strength and power is proposed. The power supply of an active-inductive load is calculated numerically and analytically. Generator parameters for pulse-frequency operation are determined. The efficiency of this generator and the validity of the method for calculating its characteristics are confirmed by the results of an experimental study of a small-size transformer generator.
Режим доступа: по договору с организацией-держателем ресурса
Hizkuntza:ingelesa
Argitaratua: 2020
Gaiak:
Sarrera elektronikoa:https://doi.org/10.1134/S0021894420020170
Formatua: MixedMaterials Baliabide elektronikoa Liburu kapitulua
KOHA link:https://koha.lib.tpu.ru/cgi-bin/koha/opac-detail.pl?biblionumber=663504

MARC

LEADER 00000naa0a2200000 4500
001 663504
005 20250513114732.0
035 |a (RuTPU)RU\TPU\network\34674 
090 |a 663504 
100 |a 20210217d2020 k||y0rusy50 ba 
101 0 |a eng 
102 |a US 
135 |a drcn ---uucaa 
181 0 |a i  
182 0 |a b 
200 1 |a Transformer Generator of Powerful Current Pulses  |f G. V. Nosov, S. V. Pustynnikov, E. O. Kuleshova, M. G. Nosova 
203 |a Text  |c electronic 
300 |a Title screen 
320 |a [References: 8 tit.] 
330 |a A generator design with a pulse energy of more than 1 MJ connected to an external constant voltage source with limited current strength and power is proposed. The power supply of an active-inductive load is calculated numerically and analytically. Generator parameters for pulse-frequency operation are determined. The efficiency of this generator and the validity of the method for calculating its characteristics are confirmed by the results of an experimental study of a small-size transformer generator. 
333 |a Режим доступа: по договору с организацией-держателем ресурса 
461 |t Journal of Applied Mechanics and Technical Physics 
463 |t Vol. 61, iss. 2  |v [P. 300-306]  |d 2020 
610 1 |a электронный ресурс 
610 1 |a труды учёных ТПУ 
610 1 |a generator 
610 1 |a inductive storage 
610 1 |a transformer 
610 1 |a switch 
610 1 |a current pulse 
610 1 |a active load 
610 1 |a генераторы 
610 1 |a трансформаторы 
610 1 |a выключатели 
701 1 |a Nosov  |b G. V.  |c specialist in the field of electrical engineering  |c Associate Professor of Tomsk Polytechnic University, candidate of technical sciences  |f 1954-  |g Gennady Vasilievich  |3 (RuTPU)RU\TPU\pers\36815  |9 19844 
701 1 |a Pustynnikov  |b S. V.  |c specialist in the field of electrical engineering  |c Associate Professor of Tomsk Polytechnic University, candidate of technical sciences  |f 1957-  |g Sergey Vladimirovich  |3 (RuTPU)RU\TPU\pers\36706  |9 19745 
701 1 |a Kuleshova  |b E. O.  |c specialist in electrical engineering  |c Associate Professor of Tomsk Polytechnic University, Candidate of physical and mathematical sciences  |f 1976-  |g Elena Olegovna  |3 (RuTPU)RU\TPU\pers\33730  |9 17361 
701 1 |a Nosova  |b M. G.  |g Mariya Gennadjevna 
712 0 2 |a Национальный исследовательский Томский политехнический университет  |b Инженерная школа энергетики  |b Отделение электроэнергетики и электротехники  |3 (RuTPU)RU\TPU\col\23505 
801 2 |a RU  |b 63413507  |c 20210217  |g RCR 
850 |a 63413507 
856 4 |u https://doi.org/10.1134/S0021894420020170 
942 |c CF